00597nam a2200193Ia 4500003000900000008004100009020001800050040001600068080001600084100002000100245005800120260003300178300001500211490006800226650002100294650002300315650002200338650004300360IN-BaIIA211028s9999 xx 000 0 eng d a0-08-016986-4 cIIA Library a524.38bBAT aBatten, Allen H 0aBinary and multiple systems of starscAllen H. Batten aOxfordbPergamon Pressc1973 axii, 278p. aInternational series of monographs in natural philosophy; v. 51 a Binary stars  a Binary systems  a Double galaxies aAstronomy and astrophysics thesaurus